| 000 | 00570nam a22002057a 4500 | ||
|---|---|---|---|
| 003 | BUBTL | ||
| 008 | 201029b xxu||||| |||| 00| 0 eng d | ||
| 020 | _a81-317-0515-3 | ||
| 082 | _a658.4034/TAO | ||
| 100 |
_aTaha, Hamdy A. _93656 |
||
| 245 |
_aOperations Research/An Introduction _bHamdy A. Taha |
||
| 250 | _a8th | ||
| 260 |
_aIndia _bPearson Prentice Hall _cc2007 |
||
| 300 |
_a833p . : _bill . Table ; 24cm. |
||
| 500 | _aIncludes Index | ||
| 650 |
_aMathematics _93657 |
||
| 856 |
_k0 _l0 _yDownload |
||
| 942 |
_2ddc _cBK |
||
| 999 |
_c6404 _d6404 |
||